|
|
|
|
| LEADER |
00000naa a2200000uu 4500 |
| 001 |
vtls011064010 |
| 003 |
SK-MaSNL |
| 005 |
20260302131819.0 |
| 008 |
220817|2006 xo |||||||||||||||||slo| |
| 015 |
|
|
|a SNBRA
|
| 035 |
|
|
|a (urnnbn)urn:nbn:sk:snk:ar-a0c50g
|
| 035 |
|
|
|a (uuid)5242e4b8-d58c-4be1-b7b6-a1da81c36a3e
|
| 035 |
|
|
|a urn:nbn:sk:snk-aavbh1
|
| 040 |
|
|
|a SNKBUCL
|b slo
|c SNKBUCL
|e AACR2
|
| 041 |
0 |
|
|a slo
|
| 044 |
|
|
|a xo
|c SK
|
| 100 |
1 |
|
|a Ulrich, Koloman,
|d 1946-
|4 aut
|9 218961
|
| 245 |
1 |
0 |
|a Stanovenie zvyškovej životnosti zvarových spojov konštrukčných ocelí
|c Koloman Ulrich, Silvia Karvanská
|
| 700 |
1 |
|
|a Karvanská, Silvia
|4 aut
|9 742338
|
| 773 |
0 |
|
|t Zváranie 2006
|d Bratislava : Slovenská zváračská spoločnosť, 2006
|g S. 246-254
|z 8096939378
|
| 954 |
|
|
|a odborná, vedecká literatúra pôvodná (slovenská)
|2 lita
|
| 958 |
|
|
|a OND
|
| 958 |
|
|
|a article12
|
| 958 |
|
|
|a chapter
|
| 999 |
|
|
|c 1310319
|d 1312249
|